Statistics for Former Soviet Countries - One Minute Sprint

Click here to take the quiz!

General Stats

  • This quiz has been taken 129 times
  • The average score is 13 of 15

Answer Stats

Country% Correct
Ukraine
96%
Georgia
93%
Azerbaijan
89%
Belarus
89%
Latvia
89%
Lithuania
89%
Moldova
89%
Armenia
86%
Kazakhstan
86%
Uzbekistan
86%
Estonia
82%
Kyrgyzstan
82%
Russia
82%
Tajikistan
82%
Turkmenistan
79%

Score Distribution

Percentile by Number Answered

Percent of People with Each Score

Your Score History

You have not taken this quiz